TENNIS N° 1 ATP - Statistiques

Statistiques générales
  • Ce quiz a été pris 232 fois
  • Le résultat moyen est 15 sur 27
Statistiques - réponses
Réponse % Correct
209 nadal
100%
373 djokovic
99%
310 federer
99%
41 murray
86%
286 sampras
79%
109 borg
77%
170 mcenroe
77%
101 agassi
75%
4 medvedev
72%
270 lendl
59%
268 connors
54%
20 wilander
52%
13 roddick
51%
72 edberg
50%
58 courrier
49%
80 hewitt
49%
12 becker
48%
9 safin
47%
8 ferrero
43%
43 kuerten
42%
2 moya
41%
40 nastase
29%
6 kafelnikov
28%
1 rafter
28%
6 muster
24%
6 rios
24%
8 newcombe
20%
Aucun quiz correspondant
Distribution des résultats
% des personnes avec chaque résultat
Percentile par nombre de réponses
Votre historique - résultats
Vous n’avez pas pris ce quiz